Hamlet /
"To be, or not to be, that is the question."If you'll only ever read one Shakespeare play, let it be Hamlet. It tells the story of the young Prince of Denmark whose father visits him in ghost form to reveal that it was Hamlet's uncle who murdered him. Hamlet appears to succumb to...
Uloženo v:
| Hlavní autor: | |
|---|---|
| Médium: | E-kniha |
| Jazyk: | Czech |
| Vydáno: |
Praha :
Saga Egmont,
2022
|
| Tagy: |
Žádné tagy |
| LEADER | 01635nam a22002297i 4500 | ||
|---|---|---|---|
| 001 | 312256 | ||
| 007 | ta | ||
| 008 | 260601s2022 xr ||||| |||| 00| 0 cze d | ||
| 020 | |a 9990003955869 | ||
| 044 | |a xr | ||
| 100 | 1 | |a Shakespeare, William |4 aut | |
| 245 | 1 | 0 | |a Hamlet / |c Shakespeare, William |
| 264 | 1 | |a Praha : |b Saga Egmont, |c 2022 | |
| 300 | |a 1 online zdroj (134 stran) | ||
| 336 | |a text |b txt |2 rdacontent | ||
| 337 | |a bez média |b n |2 rdamedia | ||
| 338 | |a online zdroj |b cr |2 rdacarrier | ||
| 520 | 2 | |a "To be, or not to be, that is the question."If you'll only ever read one Shakespeare play, let it be Hamlet. It tells the story of the young Prince of Denmark whose father visits him in ghost form to reveal that it was Hamlet's uncle who murdered him. Hamlet appears to succumb to madness. Being thoughtful by nature, he tests what the ghost has told him by setting up a play that portrays the circumstances around his father's death to see if his uncle will give himself away.Hamlet is widely regarded as one of, if not the, greatest piece of literature ever written in the English language. No wonder actors such as Ethan Hawke, Jude Law and Jonathan Pryce have all lined of to play him. Read it for its beautiful language and angsty monologues. | |
| 910 | |a RBIT002 | ||
| 998 | |d 395586 |a https://core.palmknihy.cz/api/books/395586/cover?sm66dy |b https://core.palmknihy.cz/api/books/395586/cover/400?sm66dy |c https://core.palmknihy.cz/api/books/395586/cover/50?sm66dy |e |g 134 |i 9990003955869 |j https://core.palmknihy.cz/api/books/395586/preview.epub |l |q 49 |r 1 |s https://www.palmknihy.cz/kniha/395586 |t ebook |y 2022 |z 1 | ||
| 999 | |d 312254 | ||